[Event "Vilnius zt"]
[Site "Vilnius"]
[Date "1993.??.??"]
[Round "?"]
[White "Lauk, Ular"]
[Black "Sepp, Olav"]
[Result "0-1"]
[WhiteElo "2410"]
[BlackElo "2390"]
[Annotator "Ernst,T"]
[PlyCount "94"]
[EventDate "1993.03.??"]
[EventType "tourn"]
[EventRounds "13"]
[EventCountry "LTU"]
[EventCategory "8"]
[SourceTitle "CBM 035"]
[Source "ChessBase"]
[SourceDate "1993.08.01"]
[SourceVersion "1"]
[SourceVersionDate "1993.08.01"]
[SourceQuality "1"]

1. e4 e5 2. Nf3 Nc6 3. Bb5 a6 4. Ba4 Nf6 5. O-O b5 6. Bb3 Bb7 7. c3 Nxe4 8. d4
Na5 9. Nxe5 (9. Bc2 exd4 10. b4 Nc4 11. Bxe4 Bxe4 12. Re1 d5 13. Nxd4 c5 14.
bxc5 Bxc5 15. f3 $13) 9... Nxb3 10. Qxb3 Nd6 (10... Qf6 11. f3 Nc5 (11... Nd6
$2 12. Re1 Be7 13. a4 Rd8 14. axb5 axb5 15. Ra7 O-O 16. Na3 $16 {Burovic,
I-Cepon,D,Ljubljana op 1992}) 12. Ng4 (12. Qd1 $6 Ne6 13. a4 Bd6 $15 {Anand,
V-Mikhalchishin,A,Moscow(GMA) 1989}) 12... Nxb3 13. Nxf6+ Ke7 14. axb3 Kxf6 15.
c4 d5 $10 {Sherzer,A,- Nickoloff,B,Chicago op1 1992}) 11. c4 Qf6 $1 (11... bxc4
12. Nxc4 Rb8 $6 13. Re1+ Be7 14. Nxd6+ cxd6 15. Bg5 f6 16. Bf4 $16 {Zaitsev,
I-Vreeken,C,Moscow(GMA) 1989}) 12. Nc3 Qe6 13. Nd5 O-O-O 14. Nf4 Qe8 15. c5 Nf5
16. Be3 (16. Nxf7 Nxd4 $17) 16... f6 17. Nf7 g5 18. Nxd8 (18. Ne2 Qe4 $17)
18... Kxd8 $1 19. Nd3 Nh4 (19... Qe4 20. Ne1 $14) 20. Bxg5 (20. Ne1 Bxg2 $3 21.
Nxg2 Nf3+ 22. Kh1 Qh5 23. h4 Qg4 $19) 20... fxg5 21. Rfe1 Be7 $17 22. Ne5 Rf8
23. c6 dxc6 24. Rac1 Rf6 25. Qc3 Qf8 26. Re2 Ng6 27. Nxg6 Rxg6 28. Rce1 Rg7 29.
Re6 Bc8 30. R6e4 (30. Rxc6 Bd6 $17) 30... Bd7 31. Qb3 Bd6 32. a4 Re7 33. Rxe7
Bxe7 34. axb5 axb5 35. Qa2 Bc8 36. Qa8 Qf6 37. d5 Bc5 38. Re2 Qd6 39. Qxc6 Qxc6
40. dxc6 Bd6 41. f3 b4 42. g3 Ba6 43. Rc2 $6 (43. Re6 $17) 43... Bd3 44. Rd2
Bg6 45. Kf2 Ke7 46. Re2+ Kf6 47. Ke1 Bf7 0-1

[Event "Olympiad-31"]
[Site "Moscow"]
[Date "1994.12.10"]
[Round "9.1"]
[White "Ye, Jiangchuan"]
[Black "Yurtaev, Leonid"]
[Result "1-0"]
[WhiteElo "2575"]
[BlackElo "2530"]
[Annotator "Ernst,T"]
[PlyCount "97"]
[EventDate "1994.12.01"]
[EventType "team-swiss"]
[EventRounds "14"]
[EventCountry "RUS"]
[SourceTitle "CBM 045"]
[Source "ChessBase"]
[SourceDate "1995.04.01"]
[SourceVersion "1"]
[SourceVersionDate "1995.04.01"]
[SourceQuality "1"]
[WhiteTeam "China"]
[BlackTeam "Kyrgysztan"]
[WhiteTeamCountry "CHN"]
[BlackTeamCountry "KGZ"]

1. e4 {Wedberg} e5 2. Nf3 Nc6 3. Bb5 a6 4. Ba4 Nf6 5. O-O b5 6. Bb3 Bc5 7. c3
d6 (7... Nxe4 8. d4 exd4 9. cxd4 Be7 10. d5 Na5 11. Bc2 $44 {Keres,P-Candolin/
Helsinki/1935/}) (7... O-O $6 8. d4 $16) (7... Qe7 8. d4 Bb6 9. Re1 Bb7 10. Bg5
h6 11. Bh4 d6 12. a4 $14 {Archangelsker Variante}) (7... Bb6 8. Re1 $5 $14) (
7... Bb7 $2 8. d4 $16) 8. Re1 $5 (8. d4 Bb6 9. Bg5) 8... Bg4 $5 $146 (8... Bb7
9. d4 $14 {Archangelsker Variante}) 9. d3 $1 O-O 10. Nbd2 Re8 11. Nf1 h6 12. h3
Bh5 13. Ng3 Bg6 14. Nh4 $16 {[#]} Nxe4 $2 (14... Bh7 {Wedberg,T} 15. Qf3 $14)
15. Rxe4 Bxe4 16. Nxe4 Qxh4 17. Qf3 Bb6 (17... Nd8 {Wedberg,T} 18. Nxc5 $16)
18. Bd5 $1 $18 Rf8 (18... Na7 $2 {Wedberg,T} 19. Bxa8 Rxa8 20. Nf6+ $18) 19.
Bxc6 Rad8 20. Be3 Bxe3 21. fxe3 f5 22. Nf2 Kh8 23. a4 d5 24. axb5 axb5 25. Rf1
e4 26. Qe2 Rd6 27. Bxb5 c6 28. Ba6 Rg6 29. dxe4 dxe4 30. Bc4 h5 (30... Qg3 {
Wedberg,T} 31. Nxe4 $18) 31. Kh1 Kh7 32. Nd1 Qg5 33. Rf4 Rd8 34. Bb3 Rgd6 35.
h4 Qg6 36. Rf2 Kh6 37. Kh2 Qf6 38. Rf4 Rd2 39. Qe1 g5 40. hxg5+ Qxg5 41. Qf1
Kg6 42. Nf2 Qe7 43. Qc4 Rxb2 44. Kh3 Kg5 45. Nh1 h4 46. Nf2 Qe5 47. Nxe4+ fxe4
48. Rg4+ Kh6 49. Qf7 1-0

[Event "Santiago m"]
[Site "Santiago de Chile"]
[Date "1997.01.22"]
[Round "6"]
[White "Morovic Fernandez, Ivan"]
[Black "Adams, Michael"]
[Result "0-1"]
[WhiteElo "2580"]
[BlackElo "2660"]
[Annotator "Ernst,T"]
[PlyCount "42"]
[EventDate "1997.01.16"]
[EventType "match"]
[EventRounds "6"]
[EventCountry "CHI"]
[SourceTitle "CBM 057"]
[Source "ChessBase"]
[SourceDate "1997.04.01"]
[SourceVersion "1"]
[SourceVersionDate "1997.04.01"]
[SourceQuality "1"]

1. e4 e5 2. Nf3 Nc6 3. Bb5 a6 4. Ba4 Nf6 5. O-O b5 6. Bb3 Bc5 7. c3 d6 8. d4
Bb6 9. h3 (9. Be3 Bg4 10. dxe5 Nxe5 11. Bxb6 Bxf3 12. gxf3 cxb6 13. f4 Nc4 14.
e5 dxe5 15. Bxc4 bxc4 16. fxe5 Ne4 17. Qg4 Qd5 18. Re1 Nc5 {0-1 Wahls,M-Adams,
M/BL9495 1995 (52)}) (9. Bg5 h6 10. Bh4 g5 11. Bg3 O-O 12. Nbd2 exd4 13. cxd4
Nxd4 14. Nxd4 Bxd4 15. Nf3 Bb6 16. Qc2 Nh5 {1/2-1/2 Polgar,J-Adams,M/Dos
Hermanas 1995 (41)}) 9... Bb7 10. Re1 O-O 11. Be3 (11. Bg5 h6 12. Bh4 Re8 13.
dxe5 (13. d5 Nb8 14. Nh2 Nbd7 15. Ng4 Kh7 16. Qf3 g5 17. Bg3 Nxg4 18. Qxg4 Nf6
19. Qf3 Rg8 {Apicella,M-Godena,M/Linares zt 1995/0-1 (47)}) 13... Nxe5 14. Nxe5
dxe5 15. Nd2 Qd6 16. Qe2 g5 17. Bg3 Rad8 18. Rad1 Qd3 19. Kf1 Qxe2+ 20. Rxe2
Nh5 {1/2-1/2 Zapata,A-Godena,M/Erevan olm 1996}) (11. a4 h6 12. d5 (12. Na3 Ne7
13. Bc2 Ng6 14. Be3 Nxe4 15. dxe5 Bxe3 16. Rxe3 Ng5 {1/2-1/2 Smirin,I-Malaniuk,
V/Formia op 1995 (23)}) 12... Ne7 13. axb5 axb5 14. Rxa8 Bxa8 15. Na3 c6 16.
dxc6 Bxc6 17. Bc2 Ng6 18. Bd3 Qd7 19. b4 Ra8 20. c4 {0-1 Adams,M-Onischuk,A/
Wijk op 1995 (31)}) 11... Na5 12. Bc2 Nc4 (12... Bxe4 13. Bxe4 Nxe4 14. dxe5
Bxe3 15. Rxe3 d5 16. Nbd2 Nxd2 17. Nxd2 Re8 18. b4 Nc4 19. Nxc4 bxc4 20. Qd4 {
Sion Castro,M-Izeta Txabarri,F/Elgoibar 1995/1-0 (70)}) 13. Bc1 d5 14. b3 $2 (
14. Nxe5 $142 Nxe5 15. dxe5 Nxe4 16. Be3 Bxe3 17. Rxe3 Qg5 18. Qe1 $11) 14...
dxe4 15. Nxe5 (15. bxc4 exf3 16. c5 Ba5 17. Rxe5 Re8 $36) (15. Nh2 exd4 16.
bxc4 bxc4 $36) 15... Nxe5 16. dxe5 Nd7 17. Bf4 Qh4 18. g3 Qxh3 19. Bxe4 Bxe4
20. Rxe4 Nc5 21. Re2 Rad8 $17 {Weiß steht schlecht, aber die Aufgabe kommet
verfrüht.} (21... Rad8 22. Qf1 Qxf1+ 23. Kxf1 Rd1+ 24. Kg2 Nd3 $17 25. Bd2 Rd8
26. f4 Nb4 $1) 0-1

[Event "ESP-chT CECLUB Honor"]
[Site "Leon"]
[Date "2012.11.06"]
[Round "2.3"]
[White "Fier, Alexandr"]
[Black "Ganguly, Surya Shekhar"]
[Result "1-0"]
[WhiteElo "2567"]
[BlackElo "2619"]
[Annotator "Fier,A"]
[PlyCount "113"]
[EventDate "2012.11.05"]
[EventType "team-tourn"]
[EventRounds "7"]
[EventCountry "ESP"]
[SourceTitle "CBM 152"]
[Source "ChessBase"]
[SourceDate "2013.01.15"]
[SourceVersion "1"]
[SourceVersionDate "2013.01.15"]
[SourceQuality "1"]
[WhiteTeam "Equigoma"]
[BlackTeam "Solvay"]
[WhiteTeamCountry "ESP"]
[BlackTeamCountry "ESP"]

1. e4 e5 2. Nf3 Nc6 3. Bb5 a6 4. Ba4 Nf6 5. O-O b5 6. Bb3 Bc5 {I think this is
a more ambitious way to play the Ruy Lopez. The positions normally are more
active with the bishop on c5 but afterwards the bishop can be missing on the
other side, for the defence of the diagonal h4-d8.} 7. a4 Rb8 8. c3 d6 9. d4
Bb6 10. axb5 axb5 11. Na3 {Probably the most forcing move, and for sure the
one with most theory.} O-O 12. Nxb5 Bg4 13. Bc2 exd4 (13... Bxf3 {is the other
main line and there were some strong players defending both sides after} 14.
gxf3 Nh5 15. f4 Nxf4 (15... Qh4 {is an option less explored and quite
interesting in my opinion!}) 16. Bxf4 exf4 17. Qg4 Qf6 {Carlsen,M (2733)
-Shirov,A (2755) Morelia/Linares 25th 2008 (9) 1-0 with a complex middlegame.
White has a more exposed king, but Black hasa problem with the bishop, a fact
that makes White usually try something such as pushing b4 to restrain the
pieces and Black c5 to break the centre.}) 14. Nbxd4 Nxd4 15. cxd4 Bxf3 16.
gxf3 Nh5 {Looking forward to f4 and opening the diagonal for the queen.} 17.
Kh1 Qf6 18. Be3 Ra8 19. Rxa8 Rxa8 20. Rg1 Nf4 21. Bb3 Ne6 {So far both players
were playing more or less in blitz mode. There have been some recent games
with this position and I was curious as to whether Black would have some idea
in the 21...g6 line.} (21... g6 {two strong games were played this year in
this position. Both games ended with a white victory, probably that's why my
opponent went for the other path} 22. e5 $1 {this is the real idea of 21.Bb3!
after the d-file is open, the idea of Bxf7 and Qd5 check suddently appears!}
dxe5 23. dxe5 Qxe5 {was the second game of the year but not necessarily a
better idea} (23... Qf5 {was the first game of the year, but the queen doesn't
really defend f7} 24. Bxf7+ Qxf7 (24... Kg7 $6 {Kryvoruchko,Y (2666)-Caruana,F
(2767) EU-ch 13th Plovdiv 2012 (11) 1-0 was} 25. Bb3 {is a improvment over the
25.Bd5 played in the game, with a dangerous position, but better for White})
25. Bxf4 Bxf2 26. Rf1 $14 {with a pawn up in an endgame without risks}) 24.
Bxf7+ Kxf7 25. Bxf4 $14 {Kurnosov,I (2663)-Kazhgaleyev,M (2589) Wch Rapid
Astana 2012 (3) 1-0 and the pawn up may not mean too much, but White has for
sure a safer king.}) 22. Bd5 $5 $146 {Finally a novelty! In fact it looks like
the text move is basically the same as the direct 22.Bxe6, but in some
positions the rook can be more active on a8.} (22. Bxe6 fxe6 23. Rg3 Kh8 24.
Kg2 {Karjakin,S (2732)-Adams,M (2729) Baku FIDE GP 2008 (3) 1-0}) 22... Rb8 23.
Bxe6 Qxe6 (23... fxe6 {would have the same idea of Karjakin's game, to play ...
e5 and exchange the bishops. White's idea is to push somehow the pawns on the
kingside and make some pressure against the king... Maybe it's not enough, but
ok it's, something to try} 24. Rg3 (24. f4 $6 d5) 24... e5 25. dxe5 dxe5 26.
Bxb6 (26. Qb3+) 26... cxb6 {and now it's possible to see the point of 22.Bd5} (
26... Rxb6 27. Qd5+ $1 {and Black has to make a unpleasant choice, since 27...
Kh8 is not possible anymore.} Kf8 (27... Re6 {probably the best, but a hard
move to make}) 28. Qa8+ Kf7 29. Qc8 $16) 27. Kg2 $14) 24. Qd3 g6 25. Bd2 {
[%cal Gd2c3,Gd4d5] My idea was basically to force ...d5 and then play to e5
and f4-f5. In some positions, even if I lose this pawn, Rg5 can come and Black
has some problems to defend the weak structure.} Ra8 {Making the novelty
effective.} (25... d5 {was possible. I wanted to go for} 26. b4 {closing the
bishop, if Black plays ...c6 this pawn can be a target} Ra8 27. e5 Qh3 {
avoiding f4} 28. Re1 Ra2 29. Kg1 Qf5 $5 30. Qe3 $14 {Black has some pressure
but White can improve the position slowly.}) 26. Bc3 d5 27. e5 c5 {Now we
transfer to a rook and queen endgame in which I was kind of satisfied with the
position since the b-pawn can make Black's life hard.} 28. Rd1 (28. dxc5 {
was my other candidate but probably less precise since} Bxc5 29. Bd4 Bxd4 30.
Qxd4 Qf5 31. Qxd5 Ra5 $1 {should be enough for Black:} 32. Qd8+ Kg7 33. Qf6+
Qxf6 34. exf6+ Kxf6 35. b4 Rb5 36. Rb1 Ke5 $11) 28... cxd4 (28... c4 29. Qe3 {
now everything is under control and White can focus totally on the kingside.})
29. Bxd4 Bxd4 30. Qxd4 Rb8 (30... Re8 31. Re1) 31. Kg2 Rb5 $6 (31... Qb6 32.
Qxd5 Qxb2 {was probably better.}) 32. Ra1 $16 {Activating the rook creates a
lot of attacking possibilities and Black starts to be under pressure.} Kg7 33.
Ra8 h6 (33... Qb6 {was nicely refuted by} 34. Qh4 {defending f2 and attacking}
Rxb2 35. e6 $1 fxe6 (35... Qxe6 $4 36. Qd4+ Qf6 37. Rg8+ $18) 36. Re8 $1 $18 {
and Black is hopeless against the mate threats.}) 34. Qc3 {Time for the queen
invade Black's camp!} Rb7 (34... d4 {was a natural move, trying to take on e5,
but a pawn sacrifice was planned then} 35. Qa3 $1 Rxe5 (35... Qxe5 36. Qf8+ Kf6
37. Ra6+ Kg5 38. Qxf7 $18) 36. Qf8+ Kf6 37. h4 $1 {and the black king is too
vulnerable. Qxh6 and Qd8 followed Qxd4 are enough to win.} (37. Qxh6 $4 Rg5+
$19) 37... h5 38. Qd8+ Qe7 39. Qxd4 $18) 35. h4 {Avoiding any check on g5.} h5
36. b4 Kh7 37. Rd8 Rd7 (37... Re7 38. b5 Qxe5 39. Qxe5 Rxe5 40. b6 Re7 41. Rxd5
Rb7 42. Rb5 $18) 38. Rxd7 Qxd7 39. Qc5 Kg7 (39... d4 40. Qd6) 40. Qd6 $2 {
And just on move 40 I failed to see the winning move! I was just focused on b5
b6 ideas and Qd6 where Black has sufficient counterplay with the d-pawn and
white squares. Apparently I didn't see 'mate'.} (40. b5 d4 41. Qc6 $1 {and
there is no way to avoid the queen exchange... Mate!} (41. b6 $2 d3 42. Qd6 Qb7
{is not so clear}) 41... Qd8 42. Qf6+ Qxf6 43. exf6+ Kxf6 44. b6 d3 45. Kf1 {
and it's just over}) 40... Qb7 (40... Qxd6 41. exd6 Kf6 42. f4 Ke6 43. Kf3 Kxd6
44. Ke3 $18) 41. Kg3 {Still White is winning but some more moves are necessary.
White's king must go to help and the b-pawn (which Black sacrificed on move 12
and is still missing) is enough to kill any counterplay.} Kh7 42. Kf4 Qc8 43.
Qxd5 Qc1+ 44. Ke4 Qe1+ 45. Kd3 Qd1+ 46. Kc4 Qe2+ 47. Kc5 Qxf2+ 48. Kc6 Qc2+ (
48... Qxh4 49. Qxf7+ Kh6 50. b5 $18) 49. Kd6 Kg7 50. b5 Qf2 51. Kc6 Qxh4 52. b6
Qb4 53. b7 h4 54. Qd6 Qc4+ 55. Kb6 Qb3+ 56. Kc7 Qc3+ 57. Kd7 1-0

[Event "Sinquefield Cup 2nd"]
[Site "Saint Louis"]
[Date "2014.08.30"]
[Round "4"]
[White "Vachier Lagrave, Maxime"]
[Black "Nakamura, Hikaru"]
[Result "1/2-1/2"]
[WhiteElo "2768"]
[BlackElo "2787"]
[Annotator "Finegold,B"]
[PlyCount "60"]
[EventDate "2014.08.27"]
[EventType "tourn"]
[EventRounds "10"]
[EventCountry "USA"]
[EventCategory "23"]
[SourceTitle "CBM 162"]
[Source "ChessBase"]
[SourceDate "2014.09.17"]
[SourceVersion "1"]
[SourceVersionDate "2014.09.17"]
[SourceQuality "1"]

1. e4 e5 2. Nf3 Nc6 3. Bb5 a6 4. Ba4 Nf6 5. O-O b5 6. Bb3 Bc5 7. c3 d6 8. d4
Bb6 {Hikaru had a good position yesterday against Topalov with this line.} 9.
Be3 O-O 10. Nbd2 {Hikaru beat Anand last year with 10....Re8, but, perhaps
smelling a rat, deviates with another common move.} h6 11. h3 Bb7 12. Re1 exd4
13. cxd4 Na5 $5 {Very unusual! Nakamura confused another game he saw in this
line without the moves h6 and Re1. Black almost always plays 13...Nb4 here
with Benoni-like ideas of c5.} 14. Bc2 Re8 15. Qb1 Nc4 16. Nxc4 bxc4 17. Nd2 {
Diagram #} Rb8 $1 18. Nxc4 Bxe4 19. Bxe4 Rxe4 20. Qd3 Qe8 {Both sides have
played well until this point. Now MVL breaks one of my most important rules
and throws away any possible advantage! Never play f3!} 21. f3 $5 (21. Nxb6
Rxb6 22. b3 {is probably about equal as well.}) 21... Re6 22. Bf2 Nd5 23. Rxe6
Qxe6 {Diagram #} 24. Re1 $6 {This inacurrate move leads to a draw. If white
wants to push for an edge, he needs to defend his knight with b3.} Nf4 $1 25.
Qc2 Qd5 (25... Qg6 26. Qxg6 fxg6 $11) 26. Re4 Ne6 27. Qc3 c5 28. Nxb6 Rxb6 29.
dxc5 dxc5 30. b3 Rd6 {Not the most exciting game of the round, but Hikaru easy
held equality in a rare line.} 1/2-1/2

[Event "Canadian op"]
[Site "Edmonton"]
[Date "2005.07.14"]
[Round "7"]
[White "Shabalov, Alexander"]
[Black "Ganguly, Surya Shekhar"]
[Result "1-0"]
[WhiteElo "2631"]
[BlackElo "2636"]
[Annotator "Finkel,A"]
[PlyCount "73"]
[EventDate "2005.07.09"]
[EventType "swiss"]
[EventRounds "10"]
[EventCountry "CAN"]
[SourceTitle "CBM 107 Extra"]
[Source "ChessBase"]
[SourceDate "2005.09.01"]
[SourceVersion "1"]
[SourceVersionDate "2005.09.01"]
[SourceQuality "1"]

1. e4 e5 2. Nf3 Nc6 3. Bb5 a6 4. Ba4 Nf6 5. O-O b5 6. Bb3 Bc5 {Arkhangelsk
variation is one of the sharpest lines of Rue Lopez. Ganguly already used it
in his game against Shirov in round 5, so Shabalov was ready to meet it.} 7. a4
Rb8 8. c3 d6 9. d4 Bb6 10. axb5 axb5 11. Qd3 O-O (11... Bd7 12. Na3 O-O 13. Bg5
h6 14. Bh4 g5 15. Nxg5 hxg5 16. Bxg5 exd4 17. Rae1 Kg7 18. f4 Be6 $13 {
Shabalov,A-Friedel,J/Minneapolis 2005}) 12. Bg5 (12. Qxb5 Qe8 13. Qd3 exd4 14.
cxd4 Nxd4 15. Nxd4 Bxd4 16. Qxd4 Rxb3 17. Nc3 Be6 $11 {Kupreichik,V-Shirov,A/
Germany 1997}) 12... h6 13. Bxf6 (13. Bh4 exd4 (13... g5 14. Bg3 g4 15. Nfd2
exd4 16. Qxb5 Qe8 $13) 14. cxd4 Bg4 $2 15. Nbd2 g5 16. Bg3 Bh5 17. d5 Ne7 18.
Nd4 $16 {Rodriguez Cespedes,A-Suarez Pousa,D/Mondariz Balneario 2002}) 13...
Qxf6 14. Qxb5 Na5 15. Bd5 $1 Bg4 $6 ({It was better to play} 15... c6 $1 16.
Bxc6 Nxc6 17. Qxc6 exd4 18. Nbd2 dxc3 19. Qxc3 Qxc3 20. bxc3 Be6 $14 {and
black should hold an arising endgame without too many problems.}) 16. dxe5 dxe5
17. Nxe5 $1 $16 Be6 (17... Bxf2+ 18. Rxf2 Qxf2+ 19. Kxf2 Rxb5 20. b4 $1 (20.
Nxg4 $6 Rxb2+ 21. Ke3 Nb3 22. Bxb3 Rxb3 23. Ke2 Rfb8 $14) 20... Nb3 21. Ra3 $18
) 18. Nd7 Bxd7 $6 {It was necessary to play} (18... Qxf2+ $8 {even though
white keeps much better chances in the endgame:} 19. Rxf2 Bxf2+ 20. Kxf2 Rxb5
21. Nxf8 Rxb2+ 22. Ke3 (22. Kf3 $6 Bxd5 23. exd5 Kxf8 24. Rxa5 Rxb1 25. Ra7 Ke7
26. Rxc7+ Kd6 27. Rxf7 Rf1+) 22... Kxf8 23. Rxa5 Rxb1 24. Ra7 Rb2 25. Kf3 c5
26. Bxe6 fxe6 27. Rc7 $16) 19. Qxd7 Rfd8 20. Qg4 (20. Qa4 $5) 20... c6 21. Ba2
Ra8 22. Na3 Rd2 23. e5 $1 $18 {Killing black's counter-play.} Rxf2 (23... Qxe5
24. Bxf7+ Kxf7 25. Nc4 Nxc4 26. Qxc4+ Qd5 27. Qxd5+ cxd5 28. Rxa8 $18) 24. exf6
Rf4+ 25. Kh1 Rxg4 26. h3 Rg6 27. fxg7 Rxg7 28. Rf6 (28. b4 Nb7 29. Nc4 Bc7 30.
Ne3 Kf8 31. Nf5 $18) 28... Re8 29. b4 Bd8 30. Rd6 Bc7 31. Rd7 Re2 32. g4 Rh2+
33. Kg1 Rxh3 34. Rxc7 Rxg4+ 35. Kf2 Rf4+ 36. Ke2 Rxc3 37. bxa5 (37. bxa5 Rxa3
38. Bxf7+ Rxf7 39. Rc8+ $1 $18) 1-0

[Event "Reykjavik op"]
[Site "Reykjavik"]
[Date "2016.03.11"]
[Round "5"]
[White "Beliavsky, Alexander G"]
[Black "Lampert, Jonas"]
[Result "1-0"]
[WhiteElo "2630"]
[BlackElo "2472"]
[Annotator "Fischer,J"]
[PlyCount "80"]
[EventDate "2016.03.08"]
[EventType "swiss"]
[EventRounds "10"]
[EventCountry "ISL"]
[SourceTitle "CBM 171 Extra"]
[Source "ChessBase"]
[SourceDate "2016.04.26"]
[SourceVersion "1"]
[SourceVersionDate "2016.04.26"]
[SourceQuality "1"]

1. e4 e5 2. Nf3 Nc6 3. Bb5 a6 4. Ba4 Nf6 5. O-O Bc5 6. c3 b5 7. Bc2 d5 8. d4
dxe4 9. Nbd2 exf3 10. Qxf3 Be7 11. Qxc6+ Bd7 12. Qf3 exd4 13. Ne4 O-O 14. Rd1
c5 ({Both sides follow a topical variation which has been tried a few times
recently. At the Gibraltar Open Maxime Vachier-Lagrave here played} 14... Re8 {
and won against Gawain Jones.} 15. Rxd4 c5 16. Rd1 Qc8 17. Qd3 Nxe4 18. Qxd7
Qxd7 19. Rxd7 Nf6 20. Rd1 c4 21. Bf4 Bc5 22. Kf1 a5 23. Re1 Rxe1+ 24. Rxe1 Kf8
25. Bd1 Re8 26. Bf3 b4 27. Rc1 bxc3 28. Rxc3 Bb4 29. Rc1 Ne4 30. Rc2 a4 31. Be3
f5 32. g3 Rc8 33. Be2 Nd6 34. a3 Ba5 35. Bf4 Ke7 36. Bd1 c3 37. bxc3 Ne4 38. c4
Nc3 39. Be2 Nxe2 40. Kxe2 Bb6 41. Rb2 Bc5 42. Rb7+ Ke6 43. Bc1 Be7 44. Rb6+ {
Vachier Lagrave,M (2785)-Jones,G (2625) Gibraltar 2016 1-0}) 15. cxd4 c4 16.
Nxf6+ $146 ({A new move. In a previous Swedish GM Nils Grandelius tried} 16.
Bg5 {and defeated Lawrence Trent.} Nd5 17. Nc5 Bxg5 18. Qxd5 Bg4 19. Qe4 f5 20.
Qe6+ Kh8 21. f3 Re8 22. Qc6 Rc8 23. Qb7 Rc7 24. Qxa6 Re2 25. fxg4 Rxc2 26. Re1
g6 27. Kh1 Qd5 28. Re8+ Kg7 29. Rg1 Rxc5 30. dxc5 Rxg2 31. Qd6 Qxd6 32. cxd6
Rd2 33. gxf5 Bf4 34. Rg4 g5 35. h4 h6 36. hxg5 hxg5 37. Rb8 Rd5 38. Rb6 Kf6 39.
d7+ Ke7 40. Rb7 Rxf5 41. Rg1 Rd5 42. Re1+ Be5 43. Re4 Kd8 44. Kg2 Rc5 45. Kf3
Rd5 {Grandelius,N (2628)-Trent,L (2452) Germany 2016 1-0 (62)}) 16... Bxf6 17.
Be4 Rb8 18. Bf4 Rb6 19. Rac1 Re8 20. h3 Bg5 21. b3 Qf6 22. Be3 Qxf3 23. gxf3 $5
{[#] An interesting pawn sacrifice to activate White's pieces and to get the
d-pawn moving.} Bxe3 24. fxe3 cxb3 25. axb3 Bxh3 26. Kf2 g6 27. Rc7 Rc8 28.
Rdc1 Rxc7 29. Rxc7 b4 $6 {Black gradually loses control. Better was} (29... Rd6
{to keep the d-pawn in check.}) 30. Bc6 $1 {Paving the way for the d-pawn.} Rb8
31. d5 Kf8 32. e4 h5 33. Kg3 Bf1 34. d6 {Now, White's d-pawn is very strong.
Moreover, White threatens 35.Bd5.} Rd8 35. e5 Bb5 36. Bxb5 axb5 37. Kf4 {
White's king hurries to support its d-pawn which is more dangerous and more
important than Black's h-pawn.} Re8 38. Ke4 h4 39. Kd5 g5 40. d7 Rd8 {After
the time-control was reached Black resigned. After 41.Kd6 Black's h-pawn is
simply not fast enough to stop White from playing 42.Rc8, winning.} 1-0